| 000 | 01397cam a22003854a 4500 | ||
|---|---|---|---|
| 001 | muse25658 | ||
| 003 | MdBmJHUP | ||
| 005 | 20210127151020.0 | ||
| 006 | m o d | ||
| 007 | cr||||||||nn|n | ||
| 008 | 130108s2013 mdu o 00 0 eng d | ||
| 010 | _z 2013930408 | ||
| 020 | _a9781421411118 | ||
| 020 | _a1421411113 | ||
| 020 | _z9781421411101 (pbk. : alk. paper) | ||
| 020 | _z1421411105 (pbk. : alk. paper) | ||
| 035 | _a(OCoLC)827455477 | ||
| 040 |
_aMdBmJHUP _cMdBmJHUP |
||
| 245 | 0 | 0 |
_aReducing Gun Violence in America _bInforming Policy with Evidence and Analysis / _c[edited by] Daniel W. Webster, Jon S. Vernick. |
| 264 | 1 | _bJohns Hopkins University Press, | |
| 264 | 3 | _bProject MUSE, | |
| 300 | _a1 online resource (320 p.) | ||
| 506 | 0 |
_aOpen Access _fUnrestricted online access _2star |
|
| 588 | _aDescription based on print version record. | ||
| 655 | 7 |
_aElectronic books. _2local |
|
| 710 | 2 |
_aProject Muse. _edistributor |
|
| 830 | 0 | _aBook collections on Project MUSE. | |
| 856 | 4 | 0 |
_zFull text available: _uhttps://muse.jhu.edu/book/21475/ |
| 945 | _aProject MUSE - 2013 Complete | ||
| 945 | _aProject MUSE - 2013 Political Science and Policy Studies | ||
| 999 |
_c24319 _d24319 |
||